Enquiridion bíblico: documentos de la Iglesia sobre la Sagrada Escritura
Gespeichert in:
| Hauptverfasser: | , |
|---|---|
| Format: | Buch |
| Sprache: | Spanisch |
| Veröffentlicht: |
Madrid
Biblioteca de Autores Cristianos
2010
|
| Ausgabe: | 1a. ed |
| Schlagworte: | |
| Tags: |
Tag hinzufügen
Keine Tags, Fügen Sie den ersten Tag hinzu!
|
MARC
| LEADER | 00000cam a2200000 a 4500 | ||
|---|---|---|---|
| 001 | UCD7756 | ||
| 003 | CL-VaPUC | ||
| 008 | 170407e20100000sp |||||||||||||||||spa|d | ||
| 020 | |a 9788422014454 | ||
| 082 | 0 | 4 | |a 262.7 |b GRA |2 21 |
| 100 | |a Granados García, Carlos |e author |9 590973 | ||
| 700 | 0 | |a Sánchez Navarro, Luis |e author |9 591740 | |
| 245 | 1 | 0 | |a Enquiridion bíblico: documentos de la Iglesia sobre la Sagrada Escritura |
| 250 | |a 1a. ed | ||
| 300 | |a 1806 p | ||
| 942 | |c BK | ||
| 945 | |d 20170407 16:56:00 |a dcastane | ||
| 260 | |a Madrid |b Biblioteca de Autores Cristianos |c 2010 | ||
| 650 | 7 | |a DOCUMENTOS ECLESIASTICOS |2 CL-VaPUC |9 444443 | |
| 650 | 0 | |a Documentos pontificios |9 255642 | |
| 650 | 0 | |a Textos sagrados |9 257605 | |
| 583 | |a last modification |c 20170407 16:56:00 |k Rodrigo Vera | ||
| 999 | |c 367698 |d 367696 | ||
| 952 | |0 0 |1 0 |3 erd |4 0 |6 262_700000000000000_GRA_2010 |7 0 |8 F |9 482717 |a BIBTEO |b BIBTEO |i 5371821 |l 6 |o 262.7 GRA 2010 |p 5371821 |r 2025-01-17 |s 2024-06-07 |w 2019-11-24 |y BK_F |z Catalogado en:20170407 |k ICR | ||